Οργάνωση επανευρέσεων δακτυλιωμένων πουλιών σε βάση δεδομένων και ανάλυση της εποχιακής τους εμφάνισης : πτυχιακή εργασία
Αποθηκεύτηκε σε:
| Κύριος συγγραφέας: | |
|---|---|
| Συγγραφή απο Οργανισμό/Αρχή: | |
| Άλλοι συγγραφείς: | |
| Μορφή: | Thesis Βιβλίο |
| Γλώσσα: | Greek |
| Δημοσίευση: |
Μυτιλήνη :
Πανεπιστήμιο Αιγαίου, Τμήμα Περιβάλλοντος,
1996
|
| Θέματα: | |
| Διαθέσιμο Online: | http://hdl.handle.net/11610/9945 |
| Ετικέτες: |
Προσθήκη ετικέτας
Δεν υπάρχουν, Καταχωρήστε ετικέτα πρώτοι!
|
MARC
| LEADER | 00000cam a2200000 i 4500 | ||
|---|---|---|---|
| 001 | 1/5511 | ||
| 008 | 000606s gre d | ||
| 035 | |l 10061608 | ||
| 040 | |a GR-MY-UA |b gre |e aacr | ||
| 041 | 0 | |a gre | |
| 082 | 0 | |a 598 |2 (22) | |
| 100 | 1 | |a Βάρρα, Κωνσταντίνα. | |
| 245 | 1 | 0 | |a Οργάνωση επανευρέσεων δακτυλιωμένων πουλιών σε βάση δεδομένων και ανάλυση της εποχιακής τους εμφάνισης : |b πτυχιακή εργασία / |c Βάρρα Κωνσταντίνα, Μπάμπα Θεοδώρα |
| 260 | |a Μυτιλήνη : |b Πανεπιστήμιο Αιγαίου, Τμήμα Περιβάλλοντος, |c 1996 | ||
| 300 | |a 166 σ.; |b πιν., σχ.; |c 30 εκ. | ||
| 502 | |a Πτυχιακή εργασία – Πανεπιστήμιο Αιγαίου, Λέσβος, 1996. | ||
| 504 | |a Περιέχει παράρτημα και βιβλιογραφία | ||
| 650 | 0 | 0 | |a Bird banding. |
| 650 | 0 | 0 | |a Bird surveys. |
| 650 | 0 | 0 | |a Animal marking. |
| 650 | 0 | 0 | |a Dissertations, Academic |z Greece. |
| 700 | 1 | |a Μπάμπα, Θεοδώρα. | |
| 710 | 2 | |a Πανεπιστήμιο Αιγαίου. |b Σχολή Περιβάλλοντος. |b Τμήμα Περιβάλλοντος. | |
| 852 | |a INST |b LESVOS |c DIATR |e 20000606 |h 267 |p 005100026057 |q 005100026057 |t DIE |y 23 | ||
| 852 | |a INST |b LESVOS |c DIATR |e 20000606 |h 268 |p 005100026058 |q 005100026058 |t DIE |y 23 | ||
| 856 | |u http://hdl.handle.net/11610/9945 | ||
| 901 | |a BIBL1-2000-2 | ||
| 909 | |a Λ |b 080282 | ||
| 909 | |a Λ |b 080283 | ||
| 924 | |a ΒΑΡΡΑ |b ΚΩΝΣΤΑΝΤΙΝΑ |y ΛΕΣΒΟΣ |z 1996-03 | ||
| 924 | |a ΜΠΑΜΠΑ |b ΘΕΟΔΩΡΑ |y ΛΕΣΒΟΣ |z 1996-03 | ||
| 970 | |a ΑΙΒΑΤΖΙΔΟΥ |b ΕΛΕΝΗ |z 2000/06/06 | ||